Airport Code To U.S. City (Difficult) - Statistics

General Stats
  • This quiz has been taken 40 times
  • The average score is 6 of 15
Answer Stats
Code City % Correct
ORD Chicago
75%
IAD Washington D.C.
66%
MSY New Orleans
59%
BNA Nashville
56%
GRB Green Bay
50%
DSM Des Moines
44%
CHS Charleston
41%
PVD Providence
41%
SAT San Antonio
41%
SMF Sacramento
28%
JAN Jackson
25%
SDF Louisville
25%
TYS Knoxville
19%
CSG Columbus
13%
CPR Casper
9%
No matching quizzes found
Score Distribution
Percent of People with Each Score
Percentile by Number Answered
Your Score History
You have not taken this quiz